LEADER 00909nam a2200241 4500 001 000000342564 003 CaOOAMICUS 005 20211201154113.0 008 201012s2020 it a 000 u ita r 040 $aSeMil$bita 245 13$aLa guida per comunità e parrocchie sull'ecologia integrale. 264 1$aRoma :$bFOCSIV,$c2020. 300 $a219 p. :$bill. ;$c21 cm 500 $aTitolo della copertina 541 0 $aFondo mons. Mario Delpini (3XC V 13) 650 4$aEcologia integrale.$0(OLS)http://semarc/subject/48983 850 $aSeMil 852 $aSeMil$W1$xVenegono$y1$m3XC V 13$j222573$B233489$CSeMilBibl$Z2$F233489 $81 941 1 $a7 961 $aFondo mons. Mario Delpini 996 $6245$aLa guida per comunità e parrocchie sull'ecologia integrale$9(OLS)http://semarc/title/431390 996 $6264$aRoma :$bFOCSIV$9(OLS)http://semarc/publisher/59352 LEADER 00960nam a2200253 i 4500 001 000000049018 003 CaOOAMICUS 005 20100427000000.0 008 100427s1985 it u000 u ita u 013 $a20188 020 $a88-7023-080-5 040 $aSeMil$bita 100 1 $aColombo, Giovanni,$c.$0(OLS)http://semarc/name/1549 245 10$aMaestri di vita /$cGiovanni Colombo. 260 $aMilano :$bNED,$ccopyr. 1985. 300 $a327 p. ;$c21 cm. 650 4$aMilano (Arcidiocesi).$0(OLS)http://semarc/subject/4512 650 4$aBiografie.$0(OLS)http://semarc/subject/2953 850 $aSeMil 852 $aSeMil$W1$xVenegono$y1$m2F III 228$j15173$B15173$CSeMilBibl$Z2$F15173 $81 961 $aOmaggio: Donazione 996 $6020$a88-7023-080-5$9(OLS)http://semarc/number/22307 996 $6245$aMaestri di vita$9(OLS)http://semarc/title/74361 996 $6260$aMilano :$bNED$9(OLS)http://semarc/publisher/30187